Love´s Burning Flame
Պահպանված է:
| Հիմնական հեղինակ: | |
|---|---|
| Ձևաչափ: | Գիրք |
| Լեզու: | Undetermined |
| Հրապարակվել է: |
New York, Estados Unidos
Bantam Books
1979
|
| Խորագրեր: | |
| Ցուցիչներ: |
Ավելացրեք ցուցիչ
Չկան պիտակներ, Եղեք առաջինը, ով նշում է այս գրառումը!
|
MARC
| LEADER | 00000nam a2200000Ia 4500 | ||
|---|---|---|---|
| 008 | 170316s9999 xx 000 0 und d | ||
| 999 | |c 5465 |d 5465 | ||
| 040 | |a cru BVZT | ||
| 090 | |a 810 B-4L | ||
| 100 | |a Bancroft, Iris | ||
| 245 | |a Love´s Burning Flame |c / Iris Bancroft | ||
| 260 | |a New York, Estados Unidos |b Bantam Books |c 1979 | ||
| 300 | |a 395 páginas | ||
| 650 | |a LITERATURA ESTADOUNIDENSE |9 25 | ||
| 650 | |a NOVELA DE AMOR | ||
| 942 | |c 15 D |h 810 B-4L |2 z | ||
